000 00490nam a2200169Ia 4500
008 240729s9999 xx 000 0 und d
022 _a2639-8028
245 0 _aCritical Care Explorations
260 _aUnited States
260 _bWolters Kluwer
650 _a Internal medicine
650 _a Medical emergencies. Critical care. Intensive care. First aid
650 _aMedicine
856 _uhttps://doaj.org/toc/4b3abdd4f1d141c19010fa75b3478b11
942 _2ddc
942 _cDOAJEJ
999 _c70146
_d70146
945 _a1
_bMadushi Gamage
_c1
_dMadushi Gamage